| 000 | 01197nam a22003017i 4500 | ||
|---|---|---|---|
| 003 | EG-GICUC | ||
| 005 | 20260121101554.0 | ||
| 008 | 251231s1917 us |||fr|||| 000 0 eng d | ||
| 040 |
_aEG-GiCUC _cEG-GiCUC _dEG-GiCUC _erda _beng |
||
| 041 | _aeng | ||
| 082 | 0 | 4 |
_221 _a341.3073 _bCO |
| 092 | 0 | 4 | _221 |
| 099 | _aLaw1 11 341.3073 CO 1917 | ||
| 245 | 0 | 4 |
_aThe controversy over neutral rights between the United States and France, 1797-1800 : _bA Collection Of American State Papers And Judicial Decisions / _cedited by James Brown Scott. |
| 264 | 1 |
_aNew York : _bOxford University Press, _c1917. |
|
| 300 |
_avii, 510 pages ; _c24 cm. |
||
| 336 |
_2rda content _atext |
||
| 337 |
_2rda media _aComputer |
||
| 338 |
_2rda carrier _aOnline Resource |
||
| 500 | _aAt head of title: Carnegie Endowment for International Peace, Division of International Law. | ||
| 504 | _aIncludes bibliographical references. | ||
| 546 | _aText in English | ||
| 650 | 1 | 4 |
_aInternational Relations _xPublic international law _zUnited States _zFrance |
| 700 | 1 |
_aScott, James Brown, _d1866-1943 _eeditor. |
|
| 856 | 4 | 0 | _uhttps://fll.law.cu.edu.eg/fulltext/bks/B11-06568.pdf |
| 905 | _a75 | ||
| 942 |
_2ddc _cBK _e21 _n0 |
||
| 999 |
_c53411 _d53411 |
||